Ballon d'Or 2016 - Statistiken

Allgemein
  • Dieses Quiz wurde 420 mal gespielt
  • Das Durchschnittsergebnis liegt bei 26 aus 30
Antwortstatistiken
Platz Spieler Verein/e Nation Stimmen % Korrekt
1. Cristiano Ronaldo Real Madrid Portugal 745
100%
2. Lionel Messi FC Barcelona Argentinien 316
100%
6. Gareth Bale Real Madrid Wales 60
98%
4. Luis Suárez FC Barcelona Uruguay 91
98%
5. Neymar FC Barcelona Brasilien 68
98%
3. Antoine Griezmann Atletico Madrid Frankreich 198
97%
11. Pierre-Emerick Aubameyang Borussia Dortmund Gabun 7
96%
16. Robert Lewandowski FC Bayern München Polen 3
96%
8. Jamie Vardy Leicester City England 11
95%
17. Luka Modric Real Madrid Kroatien 1
95%
17. Toni Kroos Real Madrid Deutschland 1
95%
13. Zlatan Ibrahimovic Paris Saint-Germain/Manchester United Schweden 5
95%
14. Paul Pogba Juventus Turin/Manchester United Frankreich 4
94%
14. Arturo Vidal FC Bayern München Chile 4
93%
20. Kevin de Bruyne Manchester City Belgien 0
92%
20. Manuel Neuer FC Bayern München Deutschland 0
92%
7. Riyad Mahrez Leicester City Algerien 20
92%
20. Thomas Müller FC Bayern München Deutschland 0
90%
20. Sergio Agüero Manchester City Argentinien 0
89%
20. Sergio Ramos Real Madrid Spanien 0
85%
20. Andrés Iniesta FC Barcelona Spanien 0
83%
9. Gianluigi Buffon Juventus Turin Italien 8
82%
20. Paulo Dybala Juventus Turin Argentinien 0
80%
9. Pepe Real Madrid Portugal 8
80%
20. Hugo Lloris Tottenham Hotspur Frankreich 0
79%
20. Diego Godin Atletico Madrid Uruguay 0
73%
20. Gonzalo Higuain SSC Neapel/Juventus Turin Argentinien 0
72%
17. Dimitri Payet West Ham United Frankreich 1
64%
20. Koke Atletico Madrid Spanien 0
63%
12. Rui Patricio Sporting Lissabon Portugal 6
26%
Keine übereinstimmenden Quizze gefunden
Verteilung der Resultate
Anzahl Personen mit jedem Resultat
Perzentil nach korrekt beantworteten Fragen
Ihre Resultats-Entwicklung
Sie haben dieses Quiz noch nicht gespielt